Cartilla vinícola / (Record no. 161710)

MARC details
000 -LEADER
campo de control de longitud fija 01013nam a2200241 i 4500
001 - NÚMERO DE CONTROL
campo de control 161710
003 - IDENTIFICADOR DE NÚMERO DE CONTROL
campo de control ES-MaACL
005 - FECHA Y HORA DE LA ÚLTIMA TRANSACCIÓN
campo de control 20230906212338.0
008 - DATOS DE LONGITUD FIJA--INFORMACIÓN GENERAL
campo de control de longitud fija 960315s1888 sp a |||| | spa d
040 ## - FUENTE DE CATALOGACIÓN
Centro catalogador/agencia de origen CLM
Lengua de catalogación spa
Centro/agencia transcriptor CLM
100 1# - ENTRADA PRINCIPAL--NOMBRE DE PERSONA
Nombre de persona Pequeño, Diego.
9 (RLIN) 130978
245 10 - MENCIÓN DEL TÍTULO
Título Cartilla vinícola /
Mención de responsabilidad, etc. por Diego Pequeño.
250 ## - MENCION DE EDICION
Mención de edición Edición oficial.
260 ## - PUBLICACIÓN, DISTRIBUCIÓN, ETC.
Lugar de publicación, distribución, etc. Madrid :
Nombre del editor, distribuidor, etc. Ministerio de Fomento,
Fecha de publicación, distribución, etc. 1888 (
Fabricante Tipo-litografía L. Peant é hijos)
300 ## - DESCRIPCIÓN FÍSICA
Extensión 161 p., [1] h. pleg., VIII h. de lam., [4] p. ;
Dimensiones 20 cm.
500 ## - NOTA GENERAL
Nota general Obra premiada con el Primer Premio en concurso público abierto por el Ministerio de Fomento.
530 ## - NOTA DISPONIBLE DE FORMULARIO FÍSICO ADICIONAL
Nota de formato físico adicional disponible Disponible en formato digital.
597 ## - NOTA DE DESCRIPCIÓN FÍSICA
NOTA DE DESCRIPCIÓN FÍSICA Antep.
599 ## - NOTA A LAS ILUSTRACIONES
NOTA A LAS ILUSTRACIONES Las h. de lam.: "Lit. L. Péant é hijos. Madrid"
650 #4 - PUNTO DE ACCESO ADICIONAL DE MATERIA--TÉRMINO DE MATERIA
Término de materia o nombre geográfico como elemento de entrada Vinificación.
9 (RLIN) 156738
852 ## - LOCALIZACIÓN
Ubicación ES-MaACL
Número de control de estantería T-943-F-1
Nota libre -- Enc. hol. conservando la cub. original
-- .- Donat. Ministerio de Fomento
856 ## - LOCALIZACIÓN Y ACCESO ELECTRÓNICOS
Identificador Uniforme de Recursos <a href="http://bdh-rd.bne.es/viewer.vm?id=0000125345&page=1 ">http://bdh-rd.bne.es/viewer.vm?id=0000125345&page=1 </a>
Nota pública Biblioteca Digital Hispánica
Holdings
Estatus retirado Estado de pérdida Estado de daño No para préstamo Colección Biblioteca de origen Biblioteca actual Ubicación en estantería Fecha de adquisición Total de préstamos Signatura topográfica completa Código de barras Visto por última vez Precio de reemplazo Tipo de ítem Koha
        Colección de folletos Biblioteca del Ateneo de Madrid Biblioteca del Ateneo de Madrid Depósito folletos 17/01/2008   T-943-F-1 1169393 23/02/2023 23/02/2023 Folleto